| Tag |
First Indicator |
Second Indicator |
Subfields |
| LEADER |
00000cam a2200000Ii 4500 |
| 001 |
in00004045708 |
| 005 |
20180725123306.0 |
| 007 |
he bmb024bbca |
| 008 |
100504s1987 dcuabf bb f000 0 eng d |
| 035 |
|
|
|a (OCoLC)ocn611162824
|
| 040 |
|
|
|a SPI
|b eng
|e rda
|c SPI
|d OCLCF
|d OCLCQ
|d TXA
|
| 035 |
|
|
|a (OCoLC)611162824
|
| 043 |
|
|
|a n-us-ma
|
| 050 |
|
4 |
|a GB1399.2
|
| 074 |
|
|
|a 0594-C-21 (MF)
|
| 086 |
0 |
|
|a FEM 1.209:250251
|
| 049 |
|
|
|a TXAM
|
| 245 |
0 |
0 |
|a Flood insurance study.
|p Town of Randolph, Massachusetts, Norfolk County.
|
| 246 |
3 |
|
|a Town of Randolph, Massachusetts, Norfolk County
|
| 264 |
|
1 |
|a [Washington, D.C.] :
|b Federal Emergency Management Agency,
|c [1987]
|
| 300 |
|
|
|a ii, 29 pages, 22 folded leaves of plates :
|b illustrations, 1 map ;
|c 28 cm
|
| 336 |
|
|
|a text
|b txt
|2 rdacontent
|
| 337 |
|
|
|a microform
|b h
|2 rdamedia
|
| 338 |
|
|
|a microfiche
|b he
|2 rdacarrier
|
| 500 |
|
|
|a Title from cover.
|
| 500 |
|
|
|a "June 4, 1987."
|
| 500 |
|
|
|a "Community number - 250251."
|
| 500 |
|
|
|a Location map on cover.
|
| 504 |
|
|
|a Includes bibliographical references (pages 28-29).
|
| 533 |
|
|
|a Microfiche.
|b [Washington, D.C.] :
|c United States Government Printing Office,
|d [1987].
|e 1 microfiche : negative.
|
| 650 |
|
0 |
|a Flood forecasting
|z Massachusetts
|z Norfolk County.
|
| 650 |
|
0 |
|a Flood forecasting
|z Massachusetts
|z Randolph.
|
| 650 |
|
0 |
|a Flood insurance
|z Massachusetts
|z Norfolk County.
|
| 650 |
|
0 |
|a Flood insurance
|z Massachusetts
|z Randolph.
|
| 650 |
|
7 |
|a Flood insurance.
|2 fast
|0 (OCoLC)fst01715819
|
| 651 |
|
0 |
|a Randolph (Mass.)
|
| 651 |
|
0 |
|a Norfolk County (Mass.)
|
| 651 |
|
7 |
|a Massachusetts
|z Norfolk County.
|2 fast
|0 (OCoLC)fst01221319
|
| 655 |
|
7 |
|a Technical reports.
|2 lcgft
|
| 710 |
1 |
|
|a United States.
|b Federal Emergency Management Agency,
|e issuing body.
|
| 776 |
0 |
8 |
|i Print version:
|t Flood insurance study. Town of Randolph, Massachusetts, Norfolk County
|w (OCoLC)21028459
|
| 856 |
4 |
1 |
|z Available online at HathiTrust:
|u http://hdl.handle.net/2027/txa.ark:/81423/m30738
|t 0
|
| 948 |
|
|
|a cataloged
|b h
|c 2018/7/25
|d c
|e spoltoratski
|f 12:32:59 pm
|
| 994 |
|
|
|a C0
|b TXA
|
| 999 |
f |
f |
|s eff9c3c6-dc87-3a06-a785-a3079267627d
|i f8d56935-f474-3770-b82e-5ec81c1c5fa8
|t 0
|
| 952 |
f |
f |
|a Texas A&M University
|b College Station
|c Electronic Resources
|d Available Online
|t 0
|e FEM 1.209:250251
|g Electronic
|h Superintendent of Documents classification
|
| 998 |
f |
f |
|a FEM 1.209:250251
|t 0
|l Available Online
|